LEADER 01404nam a2200313 a 4500 001 000000109112 003 CaOOAMICUS 005 20140117102113.0 008 080117s2000 it u000 u ita r 020 $a88-382-3823-5 040 $aPUL$bita 100 1 $aD'Addio, Mario,$d1923-$0(OLS)http://pul/name/1190 245 10$aLibertà e appagamento :$bpolitica e dinamica sociale in Rosmini /$cMario D'Addio. 260 $aRoma :$bStudium,$c2000. 300 $aix, 289 p. ;$c21 cm. 490 1 $aNuova universale Studium ;$v95 504 $aBibliografia in nota. 600 14$aRosmini Serbati, Antonio,$cI.D.C.,$d1797-1855$xPensiero politico e sociale.$0(OLS)http://pul/subject/9559 830 0$aNuova universale Studium ;$v95.$0(OLS)http://pul/title/109 850 $aPUL 852 $aPUL$W1$xDP1 Cons. Gen., Altre Classi 1$y22$m45 L 86$j124632$qStampati$B123378$CPULBib$Z2$F123378 $H81892 $82 852 $aPUL$W1$xDP1 Fondo E. Rossi$y115$m3 A 306$j158055$a2. copia$qFondi$B157457$CPULBib$Z2$F157457 $82 941 1 $a8 941 1 $a1 961 $aSul dorso collocazione ms. di E. Rossi: CP 105 4 996 $6020$a88-382-3823-5$9(OLS)http://pul/number/136740 996 $6245$aLibertà e appagamento :$bpolitica e dinamica sociale in Rosmini$9(OLS)http://pul/title/137280 996 $6260$aRoma :$bStudium$9(OLS)http://pul/publisher/47892 LEADER 01537nam a2200313 a 4500 001 000000176866 003 CaOOAMICUS 005 20240524114241.0 008 240524s2019 it u001 ubita r 020 $a978-88-7233-162-0* 032 $aLibriCat 040 $aPUL$bita 082 04$a327.17 100 1 $aZilio, Francesca ,$d1982-$0(OLS)http://pul/name/113678 245 10$aUnirsi e non restare spettatori immobili di ciò che accade nel mondo :$bMariano Rumor, l'integrazione europea e la distensione /$cFrancesca Zilio ; prefazione di Francesco Malgeri ; a cura di Benedetto Coccia. 260 $aRoma :$bAPES,$c2019. 300 $a175 p. ;$c21 cm 600 10$aRumor, Mariano,$d1915-$0(OLS)http://pul/subject/46814 610 14$aUnione europea$xAspetti culturali e sociali.$0(OLS)http://pul/subject/37108 700 1 $aCoccia, Benedetto.$0(OLS)http://pul/name/112733 700 1 $aMalgeri, Francesco,$d1934-$0(OLS)http://pul/name/5533 850 $aPUL 852 $aPUL$W1$xSL Diritto e Scienze Sociali 3$y79$m327. 17 ZILFR 1$j200868$qDDC 21$B205825$CPULBib$Z2$F205825 $H137044 $82 941 1 $a9 996 $6020$a978-88-7233-162-0*$9(OLS)http://pul/number/169739 996 $6082$a327.17$9(OLS)http://pul/classification/420 996 $6245$aUnirsi e non restare spettatori immobili di ciò che accade nel mondo :$bMariano Rumor, l'integrazione europea e la distensione$9(OLS)http://pul/title/218366 996 $6260$aRoma :$bAPES$9(OLS)http://pul/publisher/55191